| 000 | 00406nam a22001337a 4500 | ||
|---|---|---|---|
| 082 |
_a625.734 _bDRA |
||
| 100 |
_aUS Department of Transportation _913255 |
||
| 245 |
_aDrainage of highway pavements _cUS Department of Transportation |
||
| 260 |
_aUSA _bUS Department of Transportation _c1969 |
||
| 300 | _avi, 12-90.p: | ||
| 526 |
_a0 _b0 _c0 _d625_734000000000000_DRA |
||
| 650 |
_aMCE _9379 |
||
| 942 |
_2ddc _cBK |
||
| 999 |
_c547492 _d547492 |
||